|
|
|
|
| LEADER |
00000nbm0a2200000 4500 |
| 001 |
61237 |
| 005 |
20231031062444.0 |
| 035 |
|
|
|a (RuTPU)RU\TPU\book\64818
|
| 090 |
|
|
|a 61237
|
| 100 |
|
|
|a 20040309d1985 k y0rusy50 ca
|
| 101 |
0 |
|
|a rus
|
| 102 |
|
|
|a RU
|
| 105 |
|
|
|a a m 001zy
|
| 200 |
1 |
|
|a Измерительный комплекс для анализа амплитудно-фазового спектра периодических сигналов
|e диссертация на соискание ученой степени кандидата технических наук
|e Спец. 05.11.05
|f В. П. Будейкин
|g Томский политехнический институт; науч. рук.: М. С. Ройтман
|
| 210 |
|
|
|a Томск
|d 1985
|
| 215 |
|
|
|a 273 л.
|c ил.
|
| 320 |
|
|
|a Библиогр.: с. 227-243 (178 назв.)
|
| 610 |
1 |
|
|a диссертации
|
| 610 |
1 |
|
|a измерительные приборы
|
| 610 |
1 |
|
|a методы измерения
|
| 610 |
1 |
|
|a электрические величины
|
| 610 |
1 |
|
|a магнитные величины
|
| 610 |
1 |
|
|a анализ
|
| 610 |
1 |
|
|a амплитудно-фазовый спектор
|
| 610 |
1 |
|
|a периодические сигналы
|
| 675 |
|
|
|a 621.317.757(048)
|v 3
|
| 686 |
|
|
|a 05.11.05
|2 oksvnk
|
| 700 |
|
1 |
|a Будейкин
|b В. П.
|g Вячеслав Павлович
|
| 702 |
|
1 |
|a Ройтман
|b М. С.
|4 727
|
| 712 |
0 |
2 |
|a Томский политехнический институт
|2 stltpush
|3 (RuTPU)RU\TPU\col\1123
|
| 801 |
|
1 |
|a RU
|b 63413507
|c 20040309
|g PSBO
|
| 801 |
|
2 |
|a RU
|b 63413507
|c 20230628
|g RCR
|
| 942 |
|
|
|c BK
|